000 00787cam a2200265 a 4500
001 3771473
003 ARRUPE
005 20160928083258.0
008 830602s1982 enka 001 0 eng
010 _a 83103060
020 _a0241108411 :
_c£12.50
040 _aDLC
_cDLC
_dDLC
050 0 0 _aQH51
_b.D87 1982
082 0 0 _a574
_219
100 1 _aDurrell, Gerald,
_d1925-1995.
_910782
245 1 4 _aThe amateur naturalist /
_cGerald Durrell with Lee Durrell.
260 _aMiddlesex :
_bPenguin Books,
_c1982.
300 _a396 p. :
_c20 cm.
500 _aIncludes index.
650 0 _aNature study.
_926270
650 0 _aNatural history
_xTechnique.
_926271
700 1 _aDurrell, Lee.
_926272
906 _a7
_bcbc
_corignew
_d2
_encip
_f19
_gy-gencatlg
942 _2lcc
_cMONOGRAPH
999 _c125375
_d125375